Multifuncionalidad y desarrollo agropecuario sustentable /
En este artículo se señala que las funciones múltiples que cumple el sector agropecuario, han sido utilizadas tanto para invocar medidas ambientales, como para justificar proteccionismos comerciales. Si el concepto es analizado desapasionadamente se concluirá que América Latina tiene mayores oportun...
Đã lưu trong:
| Tác giả chính: | |
|---|---|
| Định dạng: | Texto |
| Những chủ đề: | |
| Các nhãn: |
Thêm thẻ
Không có thẻ, Là người đầu tiên thẻ bản ghi này!
|
MARC
| LEADER | 00000 a a2200000 04500 | ||
|---|---|---|---|
| 001 | 10642 | ||
| 003 | |||
| 040 | |||
| 100 | |a Gudynas, Eduardo | ||
| 245 | |a Multifuncionalidad y desarrollo agropecuario sustentable / |c Eduardo Gudynas | ||
| 520 | |a En este artículo se señala que las funciones múltiples que cumple el sector agropecuario, han sido utilizadas tanto para invocar medidas ambientales, como para justificar proteccionismos comerciales. Si el concepto es analizado desapasionadamente se concluirá que América Latina tiene mayores oportunidades para aprovechar esa multifuncionalidad en una verdadera estrategia de desarrollo sustentable en el medio rural, la que aparece como económicamente ventajosa aunque requerirá fuertes transformaciones en las posturas sobre el desarrollo./MSD | ||
| 650 | |a ECODESARROLLO | ||
| 650 | |a DESARROLLO SOSTENIBLE | ||
| 650 | |a AGRICULTURA | ||
| 650 | |a ECOLOGIA | ||
| 773 | |g número 174; páginas 95-106 | ||
| 999 | |c 30591 |d 30591 | ||
